A Gata Tareca e Outros Poemas Levados da Breca (Registo nº 31166)

Detalhes MARC
000 -Etiqueta do registo
Valores 00561nam0a2200205 4500
010 ## - Número ISBN
ISBN 9726951216
021 ## - Número do Depósito Legal
-- PT
Número 41457/90
090 ## -
-- 31166
100 ## - Dados gerais de processamento
Dados gerais 20100907d1990 a 0pory5003 ba
101 ## - Língua de publicação
-- por
102 ## - País de publicação
-- PT
200 1# - Titulo e menção de responsabilidade
Título próprio A Gata Tareca e Outros Poemas Levados da Breca
Primeira menção de responsabilidade Luísa Ducla Soares
Outras menções de responsabilidade il. José Pedro Bessa
210 ## - Publicação
Local de publicação Lisboa
Nome do editor Teorema
Data de publicação 1990
215 ## - Descrição física 
Paginação / Volumes 56, [8] p.
Dimensões 19 cm
675 ## - CDU
Notação 087.5
Edição BNL
Língua por
700 #1 - Autor principal (pessoa individual)
Apelido Soares
Nome Luísa Ducla
702 #1 - Autor secundário (pessoa individual)
Apelido Bessa
Nome José Pedro
-- 440
801 ## - Fonte de origem
País PT
Regras de catalogação RPC
990 ## - Elementos KOHA
Tipo de documento Livro
995 ## - Localização e informação dos exemplares
-- 18
Exemplares
Situação do levantamento Estado Biblioteca de origem Biblioteca de empréstimo Código de barras Cota Permissão de empréstimo Tipo de documento
  Completo Biblioteca do Centro Escolar de Viana do Alentejo Biblioteca do Centro Escolar de Viana do Alentejo 1382BV 087.5 SOA Disponível Livro




Powered by Koha